Primeres Jornades sobre la problemàtica de l'[sic]integració social dels cecs i deficients visuals a Catalunya
Descripción Física:
103 p. ; 21 cm
Materias:
Cecs -- Integració -- Congressos
MARC
| LEADER | 00000nam a2200000Ia 4500 | ||
|---|---|---|---|
| 001 | 22333 | ||
| 003 | BGR | ||
| 005 | 20260324180130.0 | ||
| 008 | 160829s1978 xx 000 0 cat d | ||
| 080 | |a S-1-311 | ||
| 111 | |a Jornades sobre la Problemàtica de l'Integració Social dels Cecs i Deficients Visuals a Catalunya |9 71316 |c (Barcelona :1978) | ||
| 245 | |a Primeres Jornades sobre la problemàtica de l'[sic]integració social dels cecs i deficients visuals a Catalunya | ||
| 260 | |a Barcelona : |b A.R.C.E, |c 1978 | ||
| 300 | |a 103 p. ; |c 21 cm | ||
| 590 | |a Prové de Q-239, exp. 1 | ||
| 650 | |a Cecs |x Integració |x Congressos |9 47315 | ||
| 901 | |a Arxiu | ||
| 942 | |n 1 |2 udc |c JC | ||
| 952 | |0 0 |1 0 |4 0 |6 S1311 |7 1 |9 53810 |a Arxiu |b Arxiu |d 2016-12-01 |l 0 |o S-1-311 |p 22333 |r 2016-12-01 00:00:00 |w 2016-12-01 |y ARXIU | ||
| 999 | |c 57676 |d 57676 | ||